| 000 | 00688nam a2200265Ia 4500 | ||
|---|---|---|---|
| 003 | OSt | ||
| 005 | 20220918111901.0 | ||
| 006 | a|||||r|||| 00| 0 | ||
| 007 | ta | ||
| 008 | 220915b |||||||| |||| 00| 0 eng d | ||
| 024 | _a246047 | ||
| 037 | _cTextbook | ||
| 040 |
_beng _aARTS _cARTS |
||
| 041 | _aeng | ||
| 082 | _aY31.6, L9 | ||
| 100 |
_aGrove A.T. _910909 |
||
| 245 | 0 | _aRural Africa | |
| 260 |
_aLondon _bCambridge university Press UK |
||
| 300 |
_a122p. _ccm. |
||
| 490 | _aCambridge topics in geography | ||
| 650 | _aSOCIOLOGY | ||
| 700 |
_a Klein F.M.G. _910910 |
||
| 942 |
_hY31.6, L9 _cTB _2CC |
||
| 999 |
_c116961 _d116961 |
||